[Event "DEM U18 2019"]
[Site "Willingen GER"]
[Date "2019.06.14"]
[Round "8"]
[White "Engel, Luis"]
[Black "Roseneck, Jonas"]
[Result "1-0"]
[Termination "normal"]
[Board "1"]
[WhiteTitle "IM"]
[BlackTitle "FM"]
[WhiteElo "2512"]
[BlackElo "2403"]
[WhiteClock "00:37:38"]
[BlackClock "00:29:04"]
[PlyCount "85"]
[WhiteFideId "12961523"]
[BlackFideId "12939870"]
[EventCountry "GER"]
[EventRounds "9"]
[EventType "swiss"]
[EventDate "2019.06.08"]

1. e4 {[%clk 1:30:58]} 1... c5 {[%clk 1:30:55]} 2. Nf3 {[%clk 1:31:24]} 2... d6
{[%clk 1:31:22]} 3. d4 {[%clk 1:31:49]} 3... cxd4 {[%clk 1:31:48]} 4. Nxd4 {
[%clk 1:32:14]} 4... Nf6 {[%clk 1:32:15]} 5. Nc3 {[%clk 1:32:37]} 5... a6 {
[%clk 1:32:41]} 6. g3 {[%clk 1:33:01]} 6... e5 {[%clk 1:33:07]} 7. Nde2 { [%clk
1:33:27]} 7... Be7 {[%clk 1:33:22]} 8. a4 {[%clk 1:33:51]} 8... O-O { [%clk
1:29:08]} 9. Bg2 {[%clk 1:34:13]} 9... Nc6 {[%clk 1:23:32]} 10. O-O { [%clk
1:34:30]} 10... Nb4 {[%clk 1:21:22]} 11. b3 {[%clk 1:34:13]} 11... Be6 { [%clk
1:13:11]} 12. Ba3 {[%clk 1:33:55]} 12... a5 {[%clk 1:12:00]} 13. Nb5 { [%clk
1:23:31]} 13... d5 {[%clk 1:08:33]} 14. c3 {[%clk 1:22:17]} 14... Nc6 { [%clk
1:08:12]} 15. Bxe7 {[%clk 1:22:15]} 15... Nxe7 {[%clk 1:07:54]} 16. exd5 {[%clk
1:22:14]} 16... Bxd5 {[%clk 1:07:03]} 17. c4 {[%clk 1:21:53]} 17... Bxg2 {[%clk
1:02:33]} 18. Kxg2 {[%clk 1:22:16]} 18... Qb6 {[%clk 0:45:51]} 19. Nec3 {[%clk
1:12:15]} 19... Rad8 {[%clk 0:38:56]} 20. Qe2 {[%clk 1:09:47]} 20... Nc6 {[%clk
0:32:16]} 21. Rad1 {[%clk 1:06:48]} 21... Qc5 {[%clk 0:21:22]} 22. Qf3 { [%clk
1:00:17]} 22... h6 {[%clk 0:16:52]} 23. Nd5 {[%clk 0:53:13]} 23... Nxd5 { [%clk
0:16:49]} 24. Rxd5 {[%clk 0:53:37]} 24... Rxd5 {[%clk 0:15:40]} 25. Qxd5 {[%clk
0:53:57]} 25... Qb4 {[%clk 0:15:15]} 26. c5 {[%clk 0:52:50]} 26... Nd4 { [%clk
0:12:15]} 27. Nd6 {[%clk 0:47:37]} 27... Qxb3 {[%clk 0:02:49]} 28. Qxb3 { [%clk
0:48:01]} 28... Nxb3 {[%clk 0:03:18]} 29. Nxb7 {[%clk 0:48:22]} 29... Rb8
{[%clk 0:03:10]} 30. c6 {[%clk 0:48:27]} 30... Nd4 {[%clk 0:02:05]} 31. Nxa5 {
[%clk 0:46:05]} 31... Ra8 {[%clk 0:01:48]} 32. Rc1 {[%clk 0:46:10]} 32... Ne6 {
[%clk 0:01:50]} 33. Nb7 {[%clk 0:43:02]} 33... Kf8 {[%clk 0:01:09]} 34. c7 {
[%clk 0:40:48]} 34... Rc8 {[%clk 0:01:34]} 35. Nc5 {[%clk 0:41:11]} 35... Ke7 {
[%clk 0:00:55]} 36. Nxe6 {[%clk 0:41:34]} 36... Kxe6 {[%clk 0:01:24]} 37. Kf3 {
[%clk 0:41:36]} 37... f5 {[%clk 0:01:24]} 38. h4 {[%clk 0:37:44]} 38... g5 {
[%clk 0:01:07]} 39. hxg5 {[%clk 0:37:17]} 39... hxg5 {[%clk 0:01:36]} 40. g4 {
[%clk 0:37:15]} 40... e4+ {[%clk 0:00:33]} 41. Ke3 {[%clk 0:37:38]} 41... fxg4
{[%clk 0:29:04]} 42. Kxe4 Kd7 43. Kd5 1-0

[Event "DEM U18 2019"]
[Site "Willingen GER"]
[Date "2019.06.14"]
[Round "8"]
[White "Buckels, Valentin"]
[Black "Parvanyan, Ashot"]
[Result "0-1"]
[Termination "normal"]
[Board "2"]
[WhiteTitle "IM"]
[BlackTitle "IM"]
[WhiteElo "2448"]
[BlackElo "2421"]
[WhiteClock "00:22:33"]
[BlackClock "00:01:01"]
[PlyCount "116"]
[WhiteFideId "12942766"]
[BlackFideId "13307550"]
[EventCountry "GER"]
[EventRounds "9"]
[EventType "swiss"]
[EventDate "2019.06.08"]

1. d4 {[%clk 1:30:56]} 1... Nf6 {[%clk 1:30:31]} 2. Bg5 {[%clk 1:31:11]} 2...
d5 {[%clk 1:30:00]} 3. e3 {[%clk 1:31:10]} 3... c5 {[%clk 1:27:20]} 4. Nf3 {
[%clk 1:17:18]} 4... Qb6 {[%clk 1:25:24]} 5. Qc1 {[%clk 1:02:38]} 5... Nc6 {
[%clk 1:23:27]} 6. c3 {[%clk 1:02:46]} 6... Bf5 {[%clk 1:20:40]} 7. Nbd2 {
[%clk 1:02:17]} 7... cxd4 {[%clk 1:06:25]} 8. exd4 {[%clk 1:01:10]} 8... Rc8 {
[%clk 1:05:41]} 9. a4 {[%clk 0:49:39]} 9... a6 {[%clk 0:56:35]} 10. Be2 { [%clk
0:47:52]} 10... e6 {[%clk 0:41:09]} 11. O-O {[%clk 0:45:54]} 11... Bd6 { [%clk
0:41:22]} 12. b3 {[%clk 0:44:20]} 12... h6 {[%clk 0:32:50]} 13. Be3 { [%clk
0:39:51]} 13... Ng4 {[%clk 0:31:23]} 14. c4 {[%clk 0:35:54]} 14... Qc7 { [%clk
0:29:18]} 15. h3 {[%clk 0:33:40]} 15... Nxe3 {[%clk 0:29:34]} 16. fxe3 { [%clk
0:34:08]} 16... Qe7 {[%clk 0:28:12]} 17. Qc3 {[%clk 0:28:07]} 17... Bb4 { [%clk
0:23:30]} 18. Qb2 {[%clk 0:27:57]} 18... O-O {[%clk 0:22:46]} 19. Rf2 { [%clk
0:22:56]} 19... Bh7 {[%clk 0:21:30]} 20. Rd1 {[%clk 0:21:41]} 20... Bd6 { [%clk
0:20:58]} 21. Nf1 {[%clk 0:20:49]} 21... Nb4 {[%clk 0:15:55]} 22. Qd2 { [%clk
0:18:33]} 22... a5 {[%clk 0:14:56]} 23. Ne1 {[%clk 0:17:54]} 23... b6 { [%clk
0:14:27]} 24. Rc1 {[%clk 0:15:45]} 24... e5 {[%clk 0:02:40]} 25. dxe5 { [%clk
0:12:00]} 25... Qxe5 {[%clk 0:02:46]} 26. Nf3 {[%clk 0:11:55]} 26... Qe7 {[%clk
0:02:35]} 27. Nd4 {[%clk 0:11:23]} 27... Bc5 {[%clk 0:02:24]} 28. cxd5 { [%clk
0:10:26]} 28... Nxd5 {[%clk 0:02:45]} 29. Bc4 {[%clk 0:05:01]} 29... Nf6 {[%clk
0:02:54]} 30. Bd3 {[%clk 0:03:07]} 30... Ne4 {[%clk 0:01:37]} 31. Bxe4 { [%clk
0:03:33]} 31... Bxe4 {[%clk 0:01:57]} 32. Ng3 {[%clk 0:03:40]} 32... Bg6 {[%clk
0:01:16]} 33. Ngf5 {[%clk 0:03:24]} 33... Qe5 {[%clk 0:01:25]} 34. Rcf1 {[%clk
0:03:18]} 34... Rfe8 {[%clk 0:01:00]} 35. Kh1 {[%clk 0:03:01]} 35... Qe4 {[%clk
0:00:33]} 36. Rf4 {[%clk 0:02:18]} 36... Qd5 {[%clk 0:00:34]} 37. Qd1 { [%clk
0:01:46]} 37... Re5 {[%clk 0:00:35]} 38. Nh4 {[%clk 0:00:52]} 38... Bh5 { [%clk
0:00:35]} 39. Nhf3 {[%clk 0:00:42]} 39... Rxe3 {[%clk 0:00:40]} 40. Rf5 { [%clk
0:00:34]} 40... Bxf3 {[%clk 0:00:35]} 41. Rxd5 {[%clk 0:27:54]} 41... Bxd1
{[%clk 0:27:57]} 42. Rxd1 {[%clk 0:28:11]} 42... Rce8 {[%clk 0:25:45]} 43. Nc6
{[%clk 0:27:50]} 43... Re1+ {[%clk 0:13:20]} 44. Kh2 {[%clk 0:27:54]} 44...
Bg1+ {[%clk 0:13:28]} 45. Kh1 {[%clk 0:28:17]} 45... Bf2+ {[%clk 0:13:01]} 46.
Kh2 {[%clk 0:28:36]} 46... R8e3 {[%clk 0:11:50]} 47. g4 {[%clk 0:28:37]} 47...
Bg3+ {[%clk 0:11:56]} 48. Kg2 {[%clk 0:29:05]} 48... R1e2+ {[%clk 0:12:20]} 49.
Kg1 {[%clk 0:28:47]} 49... Rb2 {[%clk 0:05:16]} 50. R5d3 {[%clk 0:25:10]} 50...
Bh2+ {[%clk 0:03:58]} 51. Kh1 {[%clk 0:24:54]} 51... Ree2 {[%clk 0:03:58]} 52.
Nd4 {[%clk 0:24:58]} 52... Rf2 {[%clk 0:02:47]} 53. Nf3 {[%clk 0:23:38]} 53...
Bf4 {[%clk 0:03:02]} 54. Re1 {[%clk 0:23:32]} 54... g6 {[%clk 0:00:58]} 55.
Red1 {[%clk 0:23:24]} 55... Kg7 {[%clk 0:01:17]} 56. Re1 {[%clk 0:23:34]} 56...
Rg2 {[%clk 0:01:06]} 57. Red1 {[%clk 0:23:35]} 57... Rg3 {[%clk 0:01:02]} 58.
h4 {[%clk 0:22:33]} 58... Rf2 {[%clk 0:01:01]} 0-1

[Event "DEM U18 2019"]
[Site "Willingen GER"]
[Date "2019.06.14"]
[Round "8"]
[White "Engel, Robert"]
[Black "Goldbeck, Lars"]
[Result "0-1"]
[Termination "normal"]
[Board "10"]
[WhiteElo "2067"]
[BlackElo "2199"]
[WhiteClock "00:04:11"]
[BlackClock "00:03:08"]
[PlyCount "128"]
[WhiteFideId "12974684"]
[BlackFideId "16208188"]
[EventCountry "GER"]
[EventRounds "9"]
[EventType "swiss"]
[EventDate "2019.06.08"]

1. e4 {[%clk 1:30:59]} 1... c5 {[%clk 1:30:53]} 2. Nf3 {[%clk 1:31:26]} 2... d6
{[%clk 1:31:18]} 3. d4 {[%clk 1:31:53]} 3... cxd4 {[%clk 1:31:43]} 4. Nxd4 {
[%clk 1:32:18]} 4... Nf6 {[%clk 1:32:10]} 5. Nc3 {[%clk 1:32:39]} 5... a6 {
[%clk 1:32:39]} 6. g3 {[%clk 1:33:08]} 6... e5 {[%clk 1:33:01]} 7. Nde2 { [%clk
1:33:30]} 7... Be7 {[%clk 1:33:25]} 8. a4 {[%clk 1:33:52]} 8... Be6 { [%clk
1:33:46]} 9. Bg2 {[%clk 1:33:14]} 9... Nbd7 {[%clk 1:33:24]} 10. O-O { [%clk
1:31:43]} 10... O-O {[%clk 1:32:17]} 11. h3 {[%clk 1:24:32]} 11... h5 { [%clk
1:31:52]} 12. Be3 {[%clk 1:15:49]} 12... Nb6 {[%clk 1:25:55]} 13. b3 { [%clk
1:14:14]} 13... d5 {[%clk 1:25:56]} 14. Bxb6 {[%clk 1:09:54]} 14... Qxb6 {[%clk
1:25:52]} 15. Nxd5 {[%clk 1:10:19]} 15... Nxd5 {[%clk 1:26:13]} 16. exd5 {[%clk
1:10:47]} 16... Bd7 {[%clk 1:26:10]} 17. a5 {[%clk 1:08:55]} 17... Qd6 { [%clk
1:22:44]} 18. Nc3 {[%clk 0:57:43]} 18... f5 {[%clk 1:19:17]} 19. Na4 { [%clk
0:55:30]} 19... h4 {[%clk 1:11:23]} 20. Nb6 {[%clk 0:54:44]} 20... hxg3 { [%clk
1:10:34]} 21. fxg3 {[%clk 0:49:58]} 21... Rad8 {[%clk 1:06:41]} 22. c4 { [%clk
0:35:18]} 22... e4 {[%clk 1:04:47]} 23. Qe1 {[%clk 0:35:43]} 23... Bf6 { [%clk
0:54:51]} 24. Rd1 {[%clk 0:34:16]} 24... Be5 {[%clk 0:53:31]} 25. g4 { [%clk
0:33:45]} 25... Qc5+ {[%clk 0:41:00]} 26. Kh1 {[%clk 0:33:50]} 26... Bb8 {[%clk
0:39:47]} 27. d6 {[%clk 0:30:19]} 27... Bc6 {[%clk 0:25:18]} 28. b4 { [%clk
0:29:26]} 28... Qe5 {[%clk 0:25:46]} 29. c5 {[%clk 0:29:38]} 29... f4 { [%clk
0:26:15]} 30. Nc4 {[%clk 0:19:03]} 30... Qe6 {[%clk 0:26:37]} 31. Rd4 { [%clk
0:19:25]} 31... Qh6 {[%clk 0:24:13]} 32. Kh2 {[%clk 0:12:32]} 32... Rde8 {[%clk
0:20:31]} 33. Bxe4 {[%clk 0:12:51]} 33... Qf6 {[%clk 0:19:55]} 34. Qf2 { [%clk
0:06:45]} 34... Rxe4 {[%clk 0:20:08]} 35. Rxe4 {[%clk 0:06:39]} 35... Bxe4
{[%clk 0:20:36]} 36. Nd2 {[%clk 0:06:11]} 36... Bc6 {[%clk 0:20:30]} 37. Nf3
{[%clk 0:06:13]} 37... Qc3 {[%clk 0:15:42]} 38. Ng5 {[%clk 0:03:56]} 38... Qg3+
{[%clk 0:13:19]} 39. Qxg3 {[%clk 0:04:25]} 39... fxg3+ {[%clk 0:13:41]} 40. Kg1
{[%clk 0:04:51]} 40... Re8 {[%clk 0:10:06]} 41. Rd1 {[%clk 0:04:49]} 41... Bd7
{[%clk 0:08:17]} 42. Rd3 {[%clk 0:27:41]} 42... Bb5 {[%clk 0:16:05]} 43. Rd4
{[%clk 0:24:51]} 43... Bc6 {[%clk 0:14:25]} 44. Rd1 {[%clk 0:24:34]} 44... g6
{[%clk 0:10:46]} 45. h4 {[%clk 0:24:21]} 45... g2 {[%clk 0:10:04]} 46. Nh3
{[%clk 0:15:52]} 46... Rf8 {[%clk 0:08:40]} 47. Nf2 {[%clk 0:14:42]} 47... Re8
{[%clk 0:04:49]} 48. Nd3 {[%clk 0:08:27]} 48... Re3 {[%clk 0:03:36]} 49. Nf4
{[%clk 0:08:49]} 49... Kf7 {[%clk 0:03:37]} 50. g5 {[%clk 0:03:29]} 50... Re4
{[%clk 0:02:50]} 51. Nd5 {[%clk 0:02:57]} 51... Rxh4 {[%clk 0:02:25]} 52. Kxg2
{[%clk 0:03:07]} 52... Rxb4 {[%clk 0:02:06]} 53. Kh3 {[%clk 0:02:09]} 53...
Rb3+ {[%clk 0:02:21]} 54. Kh4 {[%clk 0:02:31]} 54... Bd7 {[%clk 0:02:16]} 55.
Nf4 {[%clk 0:02:23]} 55... Rf3 {[%clk 0:02:11]} 56. Rd4 {[%clk 0:02:46]} 56...
Ba7 {[%clk 0:01:31]} 57. Re4 {[%clk 0:03:05]} 57... Kg8 {[%clk 0:01:25]} 58.
Rc4 {[%clk 0:01:58]} 58... Bxc5 {[%clk 0:01:43]} 59. Rxc5 {[%clk 0:02:24]}
59... Rxf4+ {[%clk 0:02:09]} 60. Kg3 {[%clk 0:02:52]} 60... Rd4 {[%clk 0:02:20]
} 61. Rc7 {[%clk 0:03:17]} 61... Bc6 {[%clk 0:02:15]} 62. Rc8+ {[%clk 0:03:29]}
62... Kf7 {[%clk 0:02:44]} 63. Rc7+ {[%clk 0:03:55]} 63... Ke6 {[%clk 0:03:08]}
64. Rg7 {[%clk 0:04:11]} 64... Ke5 0-1

[Event "DEM U18 2019"]
[Site "Willingen GER"]
[Date "2019.06.14"]
[Round "8"]
[White "Lange, Jannis"]
[Black "Hinrichs, Niklas"]
[Result "1-0"]
[Termination "normal"]
[Board "11"]
[WhiteElo "2024"]
[BlackElo "2128"]
[WhiteClock "00:02:15"]
[BlackClock "00:01:49"]
[PlyCount "76"]
[WhiteFideId "12993107"]
[BlackFideId "12942499"]
[EventCountry "GER"]
[EventRounds "9"]
[EventType "swiss"]
[EventDate "2019.06.08"]

1. e4 {[%clk 1:30:57]} 1... c5 {[%clk 1:30:56]} 2. Nf3 {[%clk 1:31:22]} 2... d6
{[%clk 1:31:19]} 3. Bb5+ {[%clk 1:31:47]} 3... Nd7 {[%clk 1:31:42]} 4. O-O {
[%clk 1:32:04]} 4... Ngf6 {[%clk 1:31:41]} 5. Re1 {[%clk 1:31:51]} 5... a6 {
[%clk 1:31:18]} 6. Bd3 {[%clk 1:32:03]} 6... e6 {[%clk 1:30:50]} 7. c3 { [%clk
1:31:22]} 7... b5 {[%clk 1:31:07]} 8. Bc2 {[%clk 1:30:22]} 8... c4 { [%clk
1:31:31]} 9. b3 {[%clk 1:30:29]} 9... Bb7 {[%clk 1:29:33]} 10. bxc4 { [%clk
1:30:33]} 10... bxc4 {[%clk 1:29:58]} 11. Na3 {[%clk 1:30:59]} 11... Rc8 {[%clk
1:24:40]} 12. Rb1 {[%clk 1:31:14]} 12... Ba8 {[%clk 1:13:30]} 13. Qe2 { [%clk
1:30:16]} 13... d5 {[%clk 1:11:49]} 14. e5 {[%clk 1:04:48]} 14... Ne4 { [%clk
1:09:56]} 15. Nd4 {[%clk 0:47:15]} 15... Nec5 {[%clk 1:06:17]} 16. f4 { [%clk
0:38:45]} 16... g6 {[%clk 0:57:38]} 17. f5 {[%clk 0:28:36]} 17... Bg7 { [%clk
0:39:06]} 18. fxe6 {[%clk 0:20:59]} 18... fxe6 {[%clk 0:37:52]} 19. d3 { [%clk
0:15:36]} 19... cxd3 {[%clk 0:34:43]} 20. Bxd3 {[%clk 0:15:49]} 20... O-O
{[%clk 0:33:29]} 21. Bxa6 {[%clk 0:11:29]} 21... Nxa6 {[%clk 0:32:45]} 22. Qxa6
{[%clk 0:11:49]} 22... Nc5 {[%clk 0:28:30]} 23. Qe2 {[%clk 0:10:50]} 23... Qe7
{[%clk 0:26:40]} 24. Nab5 {[%clk 0:11:02]} 24... Qh4 {[%clk 0:12:06]} 25. Ba3 {
[%clk 0:08:50]} 25... Ne4 {[%clk 0:06:12]} 26. Bxf8 {[%clk 0:08:27]} 26... Rxf8
{[%clk 0:06:26]} 27. Nf3 {[%clk 0:08:45]} 27... Qd8 {[%clk 0:06:06]} 28. Qe3 {
[%clk 0:06:08]} 28... g5 {[%clk 0:04:30]} 29. Nbd4 {[%clk 0:05:10]} 29... g4 {
[%clk 0:03:25]} 30. Nd2 {[%clk 0:03:28]} 30... Bxe5 {[%clk 0:01:19]} 31. Nxe4 {
[%clk 0:02:34]} 31... dxe4 {[%clk 0:01:15]} 32. Nxe6 {[%clk 0:02:12]} 32... Qd6
{[%clk 0:00:37]} 33. Qg5+ {[%clk 0:00:46]} 33... Kf7 {[%clk 0:01:03]} 34. Nxf8
{[%clk 0:00:52]} 34... Bxh2+ {[%clk 0:01:29]} 35. Kh1 {[%clk 0:01:11]} 35... e3
{[%clk 0:01:17]} 36. Ng6 {[%clk 0:01:23]} 36... hxg6 {[%clk 0:01:23]} 37. Qh6 {
[%clk 0:01:49]} 37... Qf8 {[%clk 0:01:49]} 38. Qxh2 {[%clk 0:02:15]} 38... g3
1-0

[Event "DEM U18 2019"]
[Site "Willingen GER"]
[Date "2019.06.14"]
[Round "8"]
[White "Schnabel, Bennett"]
[Black "Wong, Gengchun"]
[Result "1/2-1/2"]
[Termination "normal"]
[Board "12"]
[WhiteElo "2125"]
[BlackElo "2144"]
[WhiteClock "00:46:17"]
[BlackClock "00:20:32"]
[PlyCount "48"]
[WhiteFideId "12943290"]
[BlackFideId "12963283"]
[EventCountry "GER"]
[EventRounds "9"]
[EventType "swiss"]
[EventDate "2019.06.08"]

1. g3 {[%clk 1:28:03]} 1... Nf6 {[%clk 1:30:35]} 2. Bg2 {[%clk 1:28:01]} 2...
d5 {[%clk 1:30:10]} 3. f4 {[%clk 1:28:15]} 3... c5 {[%clk 1:25:38]} 4. Nf3 {
[%clk 1:23:27]} 4... Nc6 {[%clk 1:26:04]} 5. d3 {[%clk 1:23:49]} 5... g6 {
[%clk 1:25:37]} 6. O-O {[%clk 1:24:14]} 6... Bg7 {[%clk 1:26:02]} 7. c3 { [%clk
1:24:37]} 7... Qd6 {[%clk 1:17:33]} 8. Qc2 {[%clk 1:19:52]} 8... O-O { [%clk
1:08:58]} 9. e4 {[%clk 1:20:01]} 9... dxe4 {[%clk 1:08:13]} 10. dxe4 { [%clk
1:20:25]} 10... e5 {[%clk 1:07:37]} 11. Na3 {[%clk 1:16:23]} 11... exf4 { [%clk
0:54:15]} 12. gxf4 {[%clk 1:15:52]} 12... Qe7 {[%clk 0:51:22]} 13. Re1 { [%clk
1:10:28]} 13... Bg4 {[%clk 0:41:49]} 14. Nc4 {[%clk 1:06:52]} 14... Rad8 {[%clk
0:34:43]} 15. Nce5 {[%clk 1:06:48]} 15... Nxe5 {[%clk 0:33:17]} 16. Nxe5 {[%clk
1:07:09]} 16... Bc8 {[%clk 0:32:24]} 17. Be3 {[%clk 1:05:56]} 17... Ng4 {[%clk
0:31:32]} 18. Nxg4 {[%clk 1:06:14]} 18... Bxg4 {[%clk 0:31:57]} 19. h3 { [%clk
1:06:08]} 19... Be6 {[%clk 0:30:21]} 20. Rad1 {[%clk 0:57:53]} 20... b6 { [%clk
0:30:12]} 21. Bf2 {[%clk 0:50:43]} 21... Rxd1 {[%clk 0:22:56]} 22. Rxd1 { [%clk
0:50:45]} 22... Rd8 {[%clk 0:21:33]} 23. a4 {[%clk 0:45:48]} 23... Rxd1+ {[%clk
0:20:33]} 24. Qxd1 {[%clk 0:46:17]} 24... Qd7 {[%clk 0:20:32]} 1/2-1/2

[Event "DEM U18 2019"]
[Site "Willingen GER"]
[Date "2019.06.14"]
[Round "8"]
[White "Knödler, Marcel"]
[Black "Runte, Moritz"]
[Result "0-1"]
[Termination "normal"]
[Board "13"]
[WhiteElo "1633"]
[BlackElo "2096"]
[WhiteClock "00:40:18"]
[BlackClock "01:03:23"]
[PlyCount "46"]
[WhiteFideId "12976202"]
[BlackFideId "12991449"]
[EventCountry "GER"]
[EventRounds "9"]
[EventType "swiss"]
[EventDate "2019.06.08"]

1. e4 1... e5 {[%clk 1:30:41]} 2. Nf3 {[%clk 1:31:18]} 2... Nc6 {[%clk 1:31:02]
} 3. Bc4 {[%clk 1:30:17]} 3... Bc5 {[%clk 1:31:17]} 4. O-O {[%clk 1:26:33]}
4... Nf6 5. Nc3 {[%clk 1:21:02]} 5... d6 {[%clk 1:29:01]} 6. h3 6... Be6 {
[%clk 1:24:44]} 7. Bxe6 {[%clk 1:17:32]} 7... fxe6 {[%clk 1:15:37]} 8. Na4 {
[%clk 1:09:50]} 8... Nxe4 9. Qe1 9... Bxf2+ {[%clk 1:12:04]} 10. Rxf2 { [%clk
1:08:52]} 10... Nxf2 {[%clk 1:12:28]} 11. Qxf2 {[%clk 1:09:18]} 11... O-O
{[%clk 1:12:10]} 12. Qe2 Qf6 13. d3 {[%clk 1:05:42]} 13... Nd4 {[%clk 1:06:33]}
14. Nxd4 {[%clk 1:05:54]} 14... exd4 {[%clk 1:06:55]} 15. b3 {[%clk 1:00:17]}
15... Rf7 {[%clk 1:04:51]} 16. Bd2 Raf8 17. Be1 {[%clk 0:51:55]} 17... Qf1+ {
[%clk 1:04:16]} 18. Qxf1 {[%clk 0:52:20]} 18... Rxf1+ {[%clk 1:04:41]} 19. Kh2
R8f5 20. Kg3 {[%clk 0:40:57]} 20... b5 {[%clk 1:02:58]} 21. Nb2 {[%clk 0:40:36]
} 21... Re5 {[%clk 1:03:19]} 22. Bc3 {[%clk 0:40:18]} 22... Rxa1 { [%clk
1:03:23]} 23. Bxd4 Rd5 0-1

[Event "DEM U18 2019"]
[Site "Willingen GER"]
[Date "2019.06.14"]
[Round "8"]
[White "Sureshkumar, Atchuthan"]
[Black "Wendler, David"]
[Result "0-1"]
[Termination "normal"]
[Board "14"]
[WhiteElo "1502"]
[BlackElo "2163"]
[WhiteClock "00:47:41"]
[BlackClock "01:28:43"]
[PlyCount "52"]
[WhiteFideId "16283678"]
[BlackFideId "12938360"]
[EventCountry "GER"]
[EventRounds "9"]
[EventType "swiss"]
[EventDate "2019.06.08"]

1. e4 {[%clk 1:30:56]} 1... c5 {[%clk 1:31:18]} 2. Nf3 {[%clk 1:30:49]} 2...
Nc6 3. d4 {[%clk 1:30:31]} 3... cxd4 {[%clk 1:31:43]} 4. Nxd4 {[%clk 1:30:55]}
4... g6 {[%clk 1:32:13]} 5. Be3 5... Nf6 {[%clk 1:32:35]} 6. Nc3 { [%clk
1:29:18]} 6... Bg7 {[%clk 1:32:54]} 7. Bc4 {[%clk 1:26:51]} 7... Qa5 { [%clk
1:29:54]} 8. f3 {[%clk 1:19:44]} 8... Qb4 {[%clk 1:29:43]} 9. Bb3 { [%clk
1:13:29]} 9... Nxe4 {[%clk 1:29:42]} 10. Nxc6 {[%clk 1:05:55]} 10... Bxc3+
{[%clk 1:28:11]} 11. Ke2 {[%clk 1:01:16]} 11... dxc6 12. Qd3 { [%clk 1:01:32]}
12... Bxb2 {[%clk 1:28:10]} 13. Rab1 Nc3+ 14. Kf2 { [%clk 1:01:19]} 14... Nxb1
{[%clk 1:28:14]} 15. Rxb1 15... Qc3 {[%clk 1:28:19]} 16. Rxb2 {[%clk 0:58:32]}
16... Qxd3 {[%clk 1:28:29]} 17. cxd3 {[%clk 0:56:23]} 17... b6 {[%clk 1:28:41]}
18. Bd4 {[%clk 0:54:04]} 18... O-O {[%clk 1:28:52]} 19. Re2 {[%clk 0:52:30]}
19... Re8 {[%clk 1:28:23]} 20. Bf6 {[%clk 0:52:21]} 20... Kf8 {[%clk 1:28:40]}
21. Bg5 {[%clk 0:51:27]} 21... Ba6 {[%clk 1:28:45]} 22. Re3 {[%clk 0:50:57]}
22... Rad8 {[%clk 1:27:53]} 23. Ke2 {[%clk 0:46:55]} 23... Kg7 24. Bxe7 24...
Rxd3 {[%clk 1:28:07]} 25. Bf6+ {[%clk 0:47:18]} 25... Kxf6 {[%clk 1:28:43]} 26.
Rxe8 {[%clk 0:47:41]} 26... Rd8+ 0-1